000 00541nam a22001937a 4500
003 KOHA_MİRAKIL
005 20250430172153.0
008 250430b tu ||||| |||| 00| 0 tur d
020 _a9786053140887
040 _aTR-AnABB
_btur
_cTR-AnABB
041 _atur
082 _a813.42
_bTUR 2016
100 1 _aTürkali, Vedat,
245 1 0 _aFatmagül'ün suçu ne? /
_cVedat Türkali
260 _aİstanbul :
_bAyrıntı Yayınları,
_c2016
300 _a110 sayfa ;
_c26 cm
650 0 4 _aTürk edebiyatı, roman
942 _2ddc
_cBK
999 _c8891
_d8891
900 _bGizem YORULMAZ